| 000 | 00816nam a2200241 a 4500 | ||
|---|---|---|---|
| 005 | 20231019063650.0 | ||
| 008 | 160823s2014 ag r 000 0 spa d | ||
| 020 | _a9789876012324 | ||
| 035 | _aUPN01000212490 | ||
| 049 | _aCG | ||
| 050 | 4 |
_aLB1028.43 _bO7.2 |
|
| 100 | 1 |
_aOrozco Gómez, Guillermo, _d1954- _928576 |
|
| 245 | 1 | 0 |
_aAl filo de las pantallas : _bguía didáctica para padres y maestros / _cGuillermo Orozco, Darwin Franco. |
| 260 |
_aBuenos Aires : _bLa Crujía, _c2014. |
||
| 300 |
_a171 p. : _btablas |
||
| 440 | 0 | _aDocencia | |
| 650 | 4 |
_aComputadoras en la educación _94976 |
|
| 650 | 4 |
_aEducación _xEfecto de las innovaciones tecnológicas _98194 |
|
| 650 | 4 |
_aInnovaciones educativas _9386 |
|
| 700 | 1 |
_aFranco Migues, Humberto Darwin, _ecoaut. _939431 |
|
| 905 | _aLibro | ||
| 999 |
_c184590 _d184590 |
||